Suomen presidentinvaalien 2. sijalle jääneet ehdokkaat - Statistics

Yleistilastot
  • Tätä visaa on pelattu 56 kertaa
  • Keskiarvotulos 11 / 20
Vastaustilastot
Vuosi Voittaja 2. sija 2. sijan puolue % Oikein
2012 Sauli Niinistö Pekka Haavisto Vihreät
100%
2018 Sauli Niinistö Pekka Haavisto Vihreät
100%
2024 Alexander Stubb Pekka Haavisto Valitsijayhdistys
100%
1994 Martti Ahtisaari Elisabeth Rehn RKP
89%
2006 Tarja Halonen Sauli Niinistö Kokoomus
89%
2000 Tarja Halonen Esko Aho Keskusta
80%
1988 Mauno Koivisto Paavo Väyrynen Keskusta
74%
1937 Kyösti Kallio P. E. Svinhufvud Kokoomus
66%
1982 Mauno Koivisto Harri Holkeri Kokoomus
60%
1931 P. E. Svinhufvud K. J. Ståhlberg Edistyspuolue
57%
1946 Juho Kusti Paasikivi K. J. Ståhlberg Edistyspuolue
57%
1925 Lauri Kristian Relander Risto Ryti Edistyspuolue
54%
1919 K. J. Ståhlberg Gustaf Mannerheim Sitoutumaton
49%
1956 Urho Kekkonen Karl-August Fagerholm SDP
46%
1968 Urho Kekkonen Matti Virkkunen Kokoomus
23%
1950 Juho Kusti Paasikivi Mauno Pekkala SKDL
20%
1978 Urho Kekkonen Raino Westerholm Kristillinen Liitto
20%
1940 Risto Ryti Johan Helo Sos.dem. viitoset
9%
1962 Urho Kekkonen Paavo Aitio SKDL
6%
1943 Risto Ryti Väinö Kotilainen Sitoutumaton
3%
Ehtoja vastaavia visoja ei löytynyt
Tulosjakauma
Jokaisen tuloksen saaneiden osuus
Persentiili vastausten määrän mukaan
Tuloshistoriasi
Et ole pelannut tätä visaa